African Geography by Letter - R - Statistics

General Stats
  • This quiz has been taken 906 times
    804 since last reset
  • The average score is 14 of 20
Answer Stats
Hint Answer % Correct
Small country north of Burundi Rwanda
99%
Sea between Africa and Arabia Red Sea
97%
Capital of Morocco Rabat
96%
Huge, endangered horned animal Rhinoceros
90%
Former name of Zimbabwe Rhodesia
90%
Indian-sounding Mauritian currency Rupee
84%
National sport of Madagascar Rugby Union
79%
Currency of South Africa Rand
73%
French island west of Mauritius Réunion
68%
Long series of trenches Great {Rift} Valley
67%
Lake Turkana's former name or Santa's youngest reindeer Lake {Rudolf}
67%
"Africa" was actually one of the provinces of this empire Rome
67%
Religion that worships Ethiopia's emperor as its Messiah Rastafari
65%
Island prison where Nelson Mandela once lived Robben Island
62%
City in Nile delta or a famous stone Rosetta
60%
Casablanca cafe, the movie {Rick}'s Café
58%
Tree sap product and common export Rubber
48%
Mauritius's second largest island or a Hispanic surname Rodrigues
46%
South Africa's nickname {Rainbow} Nation
37%
Largest type of snake in Africa {Rock} Python
18%
No matching quizzes found
Score Distribution
Percent of People with Each Score
Percentile by Number Answered
Your Score History
You have not taken this quiz since the last reset